000 00417nam a2200181Ia 4500
005 20240823011037.0
008 240823s9999||||xx |||||||||||||| ||und||
041 _aENGLISH
082 _A621.382 P0
100 _a"Arehart,Charles [et al]"
245 0 _aProfessional WAP
250 _a1st
260 _c2000
_b"SPD,Mumbai"
500 _aYES
650 _aWireless
_bElectronics
942 _cBK
999 _c160388
_d160388